| 000 | 00897 a2200277 4500 | ||
|---|---|---|---|
| 999 |
_c78228 _d35395 |
||
| 001 | 78228 | ||
| 003 | TR-AnTOB | ||
| 005 | 20240918153625.0 | ||
| 008 | 110908s2000 tu 000 0 | ||
| 020 | _a9751927153 | ||
| 040 |
_aTR-AnTOB _beng _cTR-AnTOB _erda |
||
| 041 | 0 | _atur | |
| 050 | 1 | 0 |
_aVM159 _b.D46 2000 |
| 090 | _aVM159 .D46 2000 | ||
| 111 |
_964032 _aUlusal Denizcilik Şurası _n(2. : _d2000 : _cAnkara) |
||
| 245 | 0 | 0 |
_aUlusal Denizcilik Şurası / _cT.C.Başbakanlık Denizcilik Müsteşarlığı. |
| 246 | 0 | 3 | _aYeni Binyılda Denizciligimiz ve İkinci Ulusal Denizcilik Şurası Sonuçları |
| 264 | 1 |
_aAnkara : _bT.C Başbakanlık Denizcilik Müsteşarlıgı , _c2000. |
|
| 300 |
_a295 p. : _bill. ; _c28 cm. |
||
| 650 | 0 | 7 |
_aNavigasyon _zTürkiye _vKongreler _2etuturkob _918160 |
| 902 | _a32892 | ||
| 903 | _aMerkez Kütüphane | ||
| 942 |
_cBK _2lcc |
||
| 945 | _ago | ||